| 000 | 00591nam a22001697a 4500 | ||
|---|---|---|---|
| 999 |
_c8428 _d8428 |
||
| 008 | 201124b ||||| |||| 00| 0 eng d | ||
| 040 | _aBMS College of Architecture | ||
| 100 | _aBhat, Annapoorna | ||
| 245 | _aCentre for adaptive healing - a rehabitation centre for endosulfan victims Kasaragod | ||
| 300 | _a41p. | ||
| 500 | _a1BM14AT011 | ||
| 502 |
_8B,Arch _NBMS College of Architecture, Visvesvaraya Technological University _aProject report _d2018 |
||
| 650 | _aRehabitation centre | ||
| 700 |
_aShridhar K Moharab _eGuide |
||
| 700 |
_aShanthesh Kelvekar _eGuide |
||
| 942 |
_2ddc _cTHE |
||